Поетичне слово Кобзаря (Запис № 347223)

МАРК-запис
000 -Лідер
fixed length control field 00874nam a22002657a 4500
001 - Контрольний номер
control field 61265
003 - Ідентифікатор контрольного номера
control field UA-OsUOA
005 - Дата та час останнього входження (трансакції)
control field 20201019164831.0
007 - Фіксоване поле фізичного опису
fixed length control field ta
008 - Елементи даних фіксованої довжини – загальна інформація
fixed length control field 20090624b un ||||| |||| 00| 0 ukr d
020 ## - Міжнародний стандартний книжковий номер (ISBN)
Міжнародний стандартний книжковий номер (ISBN) (НП) 9789669660510
040 ## - Джерело каталогізації
Агенція оригінальної каталогізації UA-OsUOA
Мова каталогізації ukr
Агенція, яка здійснювала перезапис UA-OsUOA
Агенція, яка здійснювала модифікацію UA-OsUOA
041 ## - Код мови
Код мови тексту/ звукової доріжки чи окремого заголовка (П) ukr
080 ## - Індекс Універсальної десяткової класифікації
Індекс Універсальної десяткової класифікації (УДК) (НП) 811.161.2(038)
090 ## - Локальний шифр розміщення
Класифікаційний індекс УДК 811.161.2(038)
Авторський знак (НП) М50
100 ## - Основне введення – ім’я особи
Ім’я особи (НП) Меншиков І. І.
245 ## - Відомості про назву
Назва (НП) Поетичне слово Кобзаря
Решта назви (НП) словник лексичних компонентів
260 ## - Публікація, розповсюдження і т.п. (Вихідні дані)
Місце публікації, розповсюдження і т.п. (П) К.
Ім’я/ наймення видавництва, розповсюджувача і т.п. (П) Дирекція ФВД
Дата публікації, розповсюдження і т.п. (П) 2008
300 ## - Фізичний опис
Обсяг 211 с.
650 #7 - Додаткове предметне введення – тематичний термін
Тематичний термін чи географічна назва, як елемент введення (НП) 8 Мовознавство. Художня література. Літературознавство
Джерело заголовка чи терміна UDC
700 ## - Додаткове введення – ім'я особи
Ім’я особи (НП) Підмогильна Н. В.
942 ## - Додаткові елементи входу (Коха)
Тип елемента Koha Книги
Source of classification or shelving scheme Universal Decimal Classification
955 ## - Код типу видання за змістом
Код типу видання за змістом (НП) Навчальні видання
Фонди
Стан вилучень Стан втрат Джерело класифікації або схеми стелажів Стан уражень Не для кредиту Постійне місце розташування Поточне розміщення Дата придбання Джерело придбання Вартість, звичайна ціна покупки Інвентарний номер Усього замовленно Повний номер виклику Штрих-код Дата останнього перегляду Ціна ефективна від Тип елемента Koha
    Universal Decimal Classification     АБ - Абонемент НБ АБ - Абонемент НБ 24/06/2009 97/2009 28.28 121679   811.161.2(038) М50 121679 13/01/2022 24/06/2009 Книги
    Universal Decimal Classification     АБ - Абонемент НБ АБ - Абонемент НБ 24/06/2009 97/2009 28.28 121680   811.161.2(038) М50 121680 13/01/2022 24/06/2009 Книги
    Universal Decimal Classification     АБ - Абонемент НБ АБ - Абонемент НБ 24/06/2009 97/2009 28.28 121681   811.161.2(038) М50 121681 13/01/2022 24/06/2009 Книги
    Universal Decimal Classification     АБ - Абонемент НБ АБ - Абонемент НБ 24/06/2009 97/2009 28.28 121682   811.161.2(038) М50 121682 13/01/2022 24/06/2009 Книги
    Universal Decimal Classification     АБ - Абонемент НБ АБ - Абонемент НБ 24/06/2009 97/2009 28.28 121683   811.161.2(038) М50 121683 13/01/2022 24/06/2009 Книги
    Universal Decimal Classification     АБ - Абонемент НБ АБ - Абонемент НБ 24/06/2009 97/2009 28.28 121684   811.161.2(038) М50 121684 13/01/2022 24/06/2009 Книги
    Universal Decimal Classification     ЧЗ - Читальна зала ЧЗ - Читальна зала 12/03/2009 30/2009 28.28 120105   811.161.2(038) М50 120105 19/11/2021 12/03/2009 Книги
    Universal Decimal Classification     ЧЗ - Читальна зала ЧЗ - Читальна зала 12/03/2009 30/2009 28.28 120106   811.161.2(038) М50 120106 19/11/2021 12/03/2009 Книги
    Universal Decimal Classification     ЧЗ - Читальна зала ЧЗ - Читальна зала 12/03/2009 30/2009 28.28 120107   811.161.2(038) М50 120107 19/11/2021 12/03/2009 Книги
    Universal Decimal Classification     ЧЗ - Читальна зала ЧЗ - Читальна зала 24/06/2009 97/2009 28.28 121685   811.161.2(038) М50 121685 13/01/2022 24/06/2009 Книги
    Universal Decimal Classification     ЧЗ - Читальна зала ЧЗ - Читальна зала 24/06/2009 97/2009 28.28 121686   811.161.2(038) М50 121686 13/01/2022 24/06/2009 Книги